[Event "Gorges op 29th"]
[Site "Gorges"]
[Date "2019.07.07"]
[Round "4"]
[White "Descamps, Serge"]
[Black "Delafenetre, Franck"]
[Result "1/2-1/2"]
[WhiteElo "1313"]
[BlackElo "1555"]
[PlyCount "89"]
[EventDate "2019.07.05"]
[EventType "swiss"]
[EventRounds "5"]
[EventCountry "FRA"]
[SourceTitle "EXT 2020"]
[Source "ChessBase"]
[SourceDate "2019.10.17"]
[SourceVersion "1"]
[SourceVersionDate "2019.10.17"]
[SourceQuality "1"]

1. e4 c5 2. Nf3 d6 3. d4 cxd4 4. Nxd4 Nf6 5. Nc3 g6 6. Be3 Bg7 7. Be2 Nc6 8. Nxc6 bxc6 9. 0-0 0-0 10. h3 Bd7 11. f4 Qa5 12. g4 Qb4 13. e5 Ne4 14. Nxe4 Qxe4 15. Qd2 Rfd8 16. Bd3 Qd5 17. c4 Qe6 18. Rae1 dxe5 19. f5 Qd6 20. Be4 Qxd2 21. Bxd2 gxf5 22. gxf5 Bxf5 23. Bxc6 Rac8 24. Ba5 Rd4 25. Bb5 Bxh3 26. Rf2 Bd7 27. Ba6 Rc6 28. Bb5 Rg6+ 29. Rg2 Rxg2+ 30. Kxg2 Bxb5 31. cxb5 Ra4 32. Bc3 Rxa2 33. Rd1 f6 34. Rd8+ Kf7 35. Ra8 Bh6 36. b6 axb6 37. Rxa2 Be3 38. Kf3 Bc5 39. Bd2 Ke6 40. Be3 f5 41. Bxc5 bxc5 42. Ra6+ Kd5 43. Rh6 e6 44. Rxh7 Kd6 45. Ra7 1/2-1/2

[Event "La Fere op"]
[Site "La Fere"]
[Date "2010.07.09"]
[Round "8"]
[White "Descamps, Serge"]
[Black "Siegfried, Francois"]
[Result "1-0"]
[WhiteElo "1587"]
[BlackElo "1360"]
[PlyCount "65"]
[EventDate "2010.07.03"]
[EventType "swiss"]
[EventRounds "9"]
[EventCountry "FRA"]
[SourceTitle "CBM 137 Extra"]
[Source "ChessBase"]
[SourceDate "2010.09.01"]
[SourceVersion "1"]
[SourceVersionDate "2010.09.01"]
[SourceQuality "1"]

1. e4 e5 2. Nf3 Nc6 3. d4 exd4 4. Bc4 h6 5. c3 Bc5 6. cxd4 Bb4+ 7. Bd2 Nf6 8. Bxb4 Nxb4 9. Bxf7+ Kxf7 10. Qb3+ Kg6 11. Ne5+ Kh7 12. Qxb4 Qf8 13. Qc3 Nxe4 14. Qe3 d5 15. Nc3 Nxc3 16. bxc3 Bf5 17. 0-0 Re8 18. Qd2 Rg8 19. g4 g6 20. gxf5 gxf5+ 21. Kh1 Re7 22. Rg1 Rxg1+ 23. Rxg1 Rg7 24. Rxg7+ Qxg7 25. Qf4 Qg5 26. Qxg5 hxg5 27. Kg2 f4 28. Kh3 Kh6 29. Kg4 c6 30. Nf7+ Kg6 31. Nxg5 a5 32. Ne6 b5 33. Nc5 1-0

[Event "Rohde op 08th"]
[Site "Sautron"]
[Date "2008.10.26"]
[Round "2"]
[White "Priser, Gwendal"]
[Black "Descamps, Serge"]
[Result "1-0"]
[WhiteElo "1450"]
[BlackElo "1650"]
[PlyCount "60"]
[EventDate "2008.10.25"]
[EventType "swiss"]
[EventRounds "9"]
[EventCountry "FRA"]
[SourceTitle "EXT 2009"]
[Source "ChessBase"]
[SourceDate "2008.11.26"]
[SourceVersion "1"]
[SourceVersionDate "2008.11.26"]
[SourceQuality "1"]

1. e4 e5 2. Nf3 Nc6 3. Bc4 Bc5 4. c3 Nf6 5. d4 exd4 6. cxd4 Bb4+ 7. Nc3 Nxe4 8. 0-0 Nxc3 9. bxc3 Bxc3 10. Qb3 Bxa1 11. Bxf7+ Kf8 12. Bg5 Nxd4 13. Qa3+ Kxf7 14. Bxd8 Rxd8 15. Rxa1 Ne6 16. Ne5+ Kg8 17. Qe7 d6 18. Ng4 Rf8 19. Qh4 b6 20. Re1 Nf4 21. Re3 Ng6 22. Qg3 Ba6 23. Rf3 Rfe8 24. Re3 Rf8 25. h4 Nf4 26. Kh1 Nh5 27. Nh6+ Kh8 28. Qg5 Nf6 29. Re8 g6 30. Nf7+ Kg7 1-0

[Event "La Fere op 7th"]
[Site "La Fere"]
[Date "2008.07.08"]
[Round "5"]
[White "Descamps, Serge"]
[Black "Honore, Adrien"]
[Result "0-1"]
[WhiteElo "1570"]
[BlackElo "1290"]
[PlyCount "40"]
[EventDate "2008.07.05"]
[EventType "swiss"]
[EventRounds "9"]
[EventCountry "FRA"]
[SourceTitle "CBM 125 Extra"]
[Source "ChessBase"]
[SourceDate "2008.09.01"]
[SourceVersion "1"]
[SourceVersionDate "2008.09.01"]
[SourceQuality "1"]

1. e4 e5 2. Nf3 Nc6 3. Bc4 Nf6 4. Nc3 Bc5 5. 0-0 0-0 6. d3 d6 7. Bg5 Bg4 8. Nd5 Nd4 9. Nxf6+ gxf6 10. Bh6 Re8 11. c3 Nxf3+ 12. gxf3 Bh3 13. f4 Qd7 14. f5 Kh8 15. Kh1 Rg8 16. Rg1 Bxf2 17. Bg7+ Rxg7 18. Rxg7 Kxg7 19. Qh5 Bxf5 20. exf5 Qc6+ 0-1

[Event "Gorges op 17th"]
[Site "Gorges"]
[Date "2007.??.??"]
[Round "6"]
[White "Descamps, Serge"]
[Black "Sapin, Antony"]
[Result "0-1"]
[WhiteElo "1570"]
[BlackElo "1199"]
[PlyCount "64"]
[EventDate "2007.07.08"]
[EventType "swiss"]
[EventRounds "7"]
[EventCountry "FRA"]
[SourceTitle "CBM 119 Extra"]
[Source "ChessBase"]
[SourceDate "2007.09.04"]
[SourceVersion "1"]
[SourceVersionDate "2007.09.04"]
[SourceQuality "1"]

1. e4 d5 2. exd5 Qxd5 3. Nc3 Qd8 4. d4 e6 5. Nf3 Ne7 6. Ne5 g6 7. Qf3 Nf5 8. Ne4 Qxd4 9. Bb5+ c6 10. Nf6+ Ke7 11. Nfg4 cxb5 12. Bg5+ Ke8 13. Nf6+ Ke7 14. Nd5+ Kd6 15. Nxf7+ Kd7 16. Nf6+ Kc7 17. Bf4+ Bd6 18. Bxd6+ Nxd6 19. Nxd6 Qxd6 20. Rd1 Qe5+ 21. Kd2 Rd8+ 22. Kc1 Rxd1+ 23. Rxd1 Nc6 24. Ne8+ Kb6 25. a4 bxa4 26. Nd6 Na5 27. Nf7 Qxh2 28. Qe3+ Kc7 29. Qc5+ Nc6 30. g3 Qh5 31. Qd6+ Kb6 32. Ne5 Qxe5 0-1